Presné metódy stanovenie počtu osôb v stavbe pre potreby evakuácie

Enregistré dans:
Détails bibliographiques
Auteur principal: Mikóczi, Adrian (Auteur)
Autres auteurs: Martinka, Jozef (Directeur de thèse)
Format: Manuscrit Livre
Langue:slovaque
Publié: 2018
Sujets:
Accès en ligne:http://is.stuba.sk/zp/portal_zp.pl?podrobnosti=126789
Tags: Ajouter un tag
Pas de tags, Soyez le premier à ajouter un tag!

MARC

LEADER 00000ntm a22000003a 4500
001 stuzp64031
003 SK-STU
005 20180820152023.0
007 ta
008 150427s2015----xo-----f-mn---000-0-slo-d
040 |a STU  |b slo 
041 0 |a slo 
100 1 |a Mikóczi, Adrian  |u 065000  |4 aut  |U MTF Materiálovotechnologická fakulta  |T MTF Ústav integrovanej bezpečnosti  |X 39330  |U M5000  |Y 85  |7 A000039330 
242 0 1 |a Precise methods for number of person’s determination in building for evacuation purpose  |y eng 
245 1 0 |a Presné metódy stanovenie počtu osôb v stavbe pre potreby evakuácie 
260 |c 2018 
650 4 |a shopping centre  |2 eng 
650 4 |a escape routes  |2 eng 
650 4 |a fire safety of buildings  |2 eng 
650 4 |a evacuation of persons  |2 eng 
650 4 |a fire  |2 eng 
650 4 |a nákupné centrum  |2 slo 
650 4 |a únikové cesty  |2 slo 
650 4 |a požiarna bezpečnosť stavby  |2 slo 
650 4 |a evakuácia osôb  |2 slo 
650 4 |a požiar  |2 slo 
700 1 |a Martinka, Jozef  |u 065300  |k Z1  |4 ths  |U MTF Ústav integrovanej bezpečnosti  |T MTF Katedra požiarneho inžinierstva  |X 45163  |U M5300  |Y 193  |7 A000045163 
856 4 |u http://is.stuba.sk/zp/portal_zp.pl?podrobnosti=126789 
996 |c M* DP-13812  |l MMSKP  |s P  |a 0  |w stuzp64031_0001